1381 1326 1280 1939 1527 1724 1850 1491 1245 1378 1419 1662 1889 1290 1978 1056 1126 1140 1197 1485 1860 1085 1671 1530 1856 1193 1705 1935 1488 1604 1893 1824 1041 1426 1042 1964 1119 1611 1627 1706 1048 1757 1753 1347 1917 1706 1611 1828 1493 1892 1165 1437 1905 1074 1188 1012 1679 1990 1462 1672 1287 1186 1908 1551 1267 1936 1297 1717 1421 1733 1572 1845 1515 1682 1170 1355 1732 1355 1555 1039 1348 1255 1348 1848 1764 1378 1326 1586 1056 1819 1622 1684 1715 1993 1946 1092 1006 1940 1318 BCNSPRNW ULIB Ver.6.0+V

เปลี่ยนเป็นภาษาไทย

Change to English
 แสดงรายละเอียดบรรณานุกรม
  กลับหน้าหลัก

Brief Record : Get Marc (ISO 2709) : E-mail record : QR code < ปิดหน้าต่าง
LEADER : 00000nam 2200000uu 4500
001    13399115203
003     ULIB
008    120727s||||||||th 000 0 tha d
020    ^a9780808924227
060    ^aQS17^bN474A
100    ^aNetter Frank H.
110    ^aELSEVIER
245    ^aAtlas of human anatomy 5 EDITION/^cNetter Frank H.
260    ^aUSA :^bSaunders/ELSEVIER
300    ^a580 pages
650    ^aHuman anatomy
945    ^p0^l0^i17704
999 ^a ใช้งานได้ทุกระบบ
รายการนี้ยังไม่มีแท็ก
คุณยังไม่ได้ล็อกอิน คุณสามารถมีกิจกรรมร่วมกับเว็บไซต์ได้ แต่ต้องล็อกอินก่อน ::
  ล็อกอิน

รายการสื่อสารสนเทศ

ลำดับที่ ประเภท เลขเรียก/บาร์โค้ด สถานที่ สถานะ
- ไม่พบข้อมูล -

รายการใกล้เคียง
    ผู้แต่ง [Netter Frank H.]

    หัวเรื่อง [Human anatomy]

BibComment


ยังไม่เคยถูกคอมเมนท์

คอมเมนท์ทรัพยากรรายการนี้
  คอมเมนท์: Atlas of human a..


 Copyright 2026. Bcnsprnw @Library